| 000 | 00674cam a22002414a 4500 | ||
|---|---|---|---|
| 003 | UPN | ||
| 005 | 20220905132248.0 | ||
| 008 | 090217s2006 mx r 000 0 spa d | ||
| 020 | _a9702408091 | ||
| 035 | _aUPN01000169404 | ||
| 040 |
_aUPN _bspa _cUPN |
||
| 049 | _aCG | ||
| 050 | 4 |
_aPN708 _bA9.6 |
|
| 100 | 1 |
_aAvilés Fabila, René, _d1940-2016 _928867 |
|
| 245 | 1 | 0 |
_aMaterial de lo inmediato / _cRené Avilés Fabila. |
| 250 | _aPrimera edición | ||
| 260 |
_aMéxico : _bNueva Imagen, _c[2006]. |
||
| 300 | _a363 p. | ||
| 650 | 4 |
_aLiteratura moderna _xHistoria y crítica _98879 |
|
| 650 | 4 |
_aLiteratura y sociedad _99048 |
|
| 905 | _aLibro | ||
| 942 |
_2lcc _cLIBRO |
||
| 999 |
_c141510 _d141510 |
||